<?xml version="1.0" encoding="UTF-8"?>
<collection xmlns="http://www.loc.gov/MARC21/slim">
 <record>
  <leader>01336nam a2200217Ia 4500</leader>
  <controlfield tag="001">TDMU_33084</controlfield>
  <controlfield tag="008">210410s9999    xx            000 0 und d</controlfield>
  <datafield tag="082" ind1=" " ind2=" ">
   <subfield code="a">535</subfield>
  </datafield>
  <datafield tag="090" ind1=" " ind2=" ">
   <subfield code="b">H104</subfield>
  </datafield>
  <datafield tag="100" ind1=" " ind2=" ">
   <subfield code="a">Hamel, Gary</subfield>
  </datafield>
  <datafield tag="245" ind1=" " ind2="0">
   <subfield code="a">Viết lại luật chơi: Thay đổi cách chơi để giành chiến thắng</subfield>
  </datafield>
  <datafield tag="245" ind1=" " ind2="0">
   <subfield code="c">Gary Hamel, C.K. Prahalad; Huyền Trang dịch</subfield>
  </datafield>
  <datafield tag="260" ind1=" " ind2=" ">
   <subfield code="a">H.</subfield>
  </datafield>
  <datafield tag="260" ind1=" " ind2=" ">
   <subfield code="b">Lao động xã hội; Công ty sách Alpha</subfield>
  </datafield>
  <datafield tag="260" ind1=" " ind2=" ">
   <subfield code="c">2017</subfield>
  </datafield>
  <datafield tag="300" ind1=" " ind2=" ">
   <subfield code="a">499 tr</subfield>
  </datafield>
  <datafield tag="520" ind1=" " ind2=" ">
   <subfield code="a">Cuốn sách là cẩm nang giúp cho những ai không bằng lòng với việc theo sau, cho những ai không  sợ hãi khi thách thức tính chính thống, cho những ai có thiên hướng xây dựng hơn là cắt bỏ và quan tâm đến việc tao ra khác biệt hơn là tạo dựng sự nghiệp, cam kết dốc sức hoàn toàn cho việc đánh dấu lãnh thổ tương lai trước nhất.; Bìa sách ghi tiếng Anh: Competing for the future</subfield>
  </datafield>
  <datafield tag="650" ind1=" " ind2=" ">
   <subfield code="a">Quản lí</subfield>
   <subfield code="x">Lập kế hoạch</subfield>
   <subfield code="x">Chiến lược kinh doanh</subfield>
  </datafield>
  <datafield tag="700" ind1=" " ind2=" ">
   <subfield code="a">Prahalad, C.K</subfield>
  </datafield>
  <datafield tag="856" ind1=" " ind2=" ">
   <subfield code="u">http://lrc.tdmu.edu.vn/opac/search/detail.asp?aID=2&amp;ID=33084</subfield>
  </datafield>
  <datafield tag="980" ind1=" " ind2=" ">
   <subfield code="a">Trung tâm Học liệu Trường Đại học Thủ Dầu Một</subfield>
  </datafield>
 </record>
</collection>
